| 000 | 00526cam a2200193ua 4500 | ||
|---|---|---|---|
| 020 | _c30.00 | ||
| 041 |
_aeng _h |
||
| 082 |
_a028.71519 _bBUR/HA |
||
| 100 | _aBurington, Richard steven . | ||
| 245 |
_aHand book of probability and statistics with tables / _cRichard steven Burington. _hTextual Documents |
||
| 250 |
_a1 / _b. |
||
| 260 |
_aOhio : _bHandbook publishers , _c1958. |
||
| 300 | _a332 ; . | ||
| 365 | _a30.00 | ||
| 504 | _a | ||
| 700 | 1 | _aMay, Donald curtis . | |
| 942 | _cBK | ||
| 999 |
_c7062 _d7062 |
||